同じ母音の駅名 (近畿地方編) - Statistics

General Stats
  • This quiz has been taken 8 times
  • The average score is 8 of 35
Answer Stats
駅名(漢字) 駅名(読み) この駅の所在地 同じ母音の駅名 % Correct
甲陽園 こうようえん 兵庫県 甲東園
88%
伊勢中川 いせなかがわ 三重県 伊勢中原
63%
膳所 ぜぜ 滋賀県 目出
63%
夢洲 ゆめしま 大阪府 梅島
50%
甲子園 こうしえん 兵庫県 香里園
50%
茨木市 いばらきし 大阪府 井原市
38%
恵美須町 えびすちょう 大阪府 胡町
38%
天下茶屋 てんがちゃや 大阪府 千駄ヶ谷
38%
西梅田 にしうめだ 大阪府 西上田
38%
西九条 にしくじょう 大阪府 西向日
38%
弁天町 べんてんちょう 大阪府 浅間町
38%
厄神 やくじん 兵庫県 薬院
38%
東生駒 ひがしいこま 奈良県 南生駒
38%
山上公園 さんじょうこうえん 三重県 山頂公園
25%
下野代 しものしろ 三重県 下小代
25%
大津京 おおつきょう 滋賀県 大津港
25%
島ノ関 しまのせき 滋賀県 北野辺地
25%
上野市 うえのし 三重県 梅戸井
13%
近江八幡 おうみはちまん 滋賀県 代々木八幡
13%
嵐電嵯峨 らんでんさが 京都府 三軒茶屋
13%
河内山本 かわちやまもと 大阪府 河内花園
13%
中崎町 なかざきちょう 大阪府 馬場崎町
13%
古川橋 ふるかわばし 大阪府 日向長井
13%
新開地 しんかいち 兵庫県 新屋敷
13%
西飾磨 にししかま 兵庫県 西新発田
13%
近鉄奈良 きんてつなら 奈良県 近鉄八田
13%
伊勢朝日 いせあさひ 三重県 鰭ヶ崎
0%
三宅八幡 みやけはちまん 京都府 稲毛海岸
0%
芦原町 あしはらちょう 大阪府 上長瀞
0%
北巽 きたたつみ 大阪府 千早口
0%
二色浜 にしきのはま 大阪府 西塩釜
0%
東三国 ひがしみくに 大阪府 南酒々井
0%
渡辺橋 わたなべばし 大阪府 赤羽橋
0%
西二見 にしふたみ 兵庫県 清水町
0%
冷水浦 しみずうら 和歌山県 西敦賀
0%
No matching quizzes found
Score Distribution
Percent of People with Each Score
Percentile by Number Answered
Your Score History
You have not taken this quiz